000 00733nam a2200289Ia 4500
005 20260324140044.0
008 008 260324s9999 xx 000 0 eng d
020 _a9780203053706
037 _aEBOOK
040 _aCRL
040 _beng
040 _cCRL
041 _2eng
041 _aeng
084 _qCRL
100 _aDwayne Huebner; William F. Pinar; Vikki Hillis; Dwayne Huebner
_91202958
245 4 _aThe Lure of the Transcendent
245 0 _bCollected Essays By Dwayne E. Huebner
260 _bTaylor and Francis
260 _c1999
365 _a
365 _b265
856 _uhttp://www.taylorfrancis.com/books/9780203053706
942 _cEBOOK
999 _c1804609
_d1804609